[Event "Moscow Time of the First U13"]
[Site "Moscow"]
[Date "2019.06.17"]
[Round "1"]
[White "Lukshin, Aleksei"]
[Black "Korolev, Kirill O"]
[Result "0-1"]
[WhiteElo "1048"]
[BlackElo "1594"]
[PlyCount "57"]
[EventDate "2019.06.17"]
[EventType "swiss"]
[EventRounds "9"]
[EventCountry "RUS"]
[SourceTitle "EXT 2021"]
[Source "ChessBase"]
[SourceDate "2020.10.23"]
[SourceVersion "1"]
[SourceVersionDate "2020.10.23"]
[SourceQuality "1"]

1. e4 c5 2. c3 Nf6 3. e5 Nd5 4. d4 cxd4 5. cxd4 e6 6. Nf3 Nc6 7. Bc4 Nb6 8. Bb5 Be7 9. 0-0 0-0 10. Qc2 Nb4 11. Qe4 a6 12. Be2 d5 13. exd6 Bxd6 14. Ng5 f5 15. Qe3 f4 16. Qb3 Qxg5 17. a3 N4d5 18. Nd2 Bd7 19. Ne4 Qe7 20. Bd2 Bc6 21. f3 Ba4 22. Qd3 Bb5 23. Qb3 Bxe2 24. Rfc1 Rac8 25. Ba5 Nc4 26. Bc3 Nce3 27. a4 Bc4 28. Nxd6 Bxb3 29. Nxc8 0-1